| 000 | 00505 a2200193 4500 | ||
|---|---|---|---|
| 005 | 20260417115446.0 | ||
| 008 | 260416b |||||||| |||| 00| 0 eng d | ||
| 020 |
_a9781835359969 _c£ 160.00 |
||
| 040 | _aMAIN | ||
| 082 |
_a158.3 _bM127H |
||
| 100 | _aMccarthy, Samuel | ||
| 245 | _aHealth and counseling psychology | ||
| 260 |
_bED-Tech Press _c2024 _aUnited Kingdom |
||
| 300 | _ax, 268 | ||
| 650 | _aPsychology | ||
| 650 | _aHealth Psychology | ||
| 650 | _aClinical Psychology | ||
| 942 | _cBK | ||
| 999 |
_c396739 _d396739 |
||